Záhrady Francúzska : Putovanie za vôňami, krajinou, históriou, človekom... /

Guardado en:
Detalles Bibliográficos
Autor principal: Hrašková, Nadežda, 1952- (Autor)
Formato: Libro
Lenguaje:eslovaco
Publicado: Bratislava : Nakladateľstvo STU, 2016
Edición:1. vyd.
Materias:
Etiquetas: Agregar Etiqueta
Sin Etiquetas, Sea el primero en etiquetar este registro!

MARC

LEADER 00000nam a22000003a 4500
001 0018243
003 SK-STU
005 20230224083327.9
007 ta
008 151029s ----xo-----e------000-0-----d
020 |a 978-80-227-4555-0 
040 |a STU  |b slo 
041 0 |a slo 
044 |a xo 
100 1 |a Hrašková, Nadežda,  |d 1952-  |u 053130  |r Z1  |4 aut  |9 100  |U FAD Fakulta architektúry  |T FA Ústav dejín a teórie architektúry a obnovy pamiatok  |U A3130  |Y 394 
242 0 1 |a French gardens 
245 1 0 |a Záhrady Francúzska :  |b Putovanie za vôňami, krajinou, históriou, človekom... /  |c aut. Nadežda Hrašková 
250 |a 1. vyd. 
260 |a Bratislava :  |b Nakladateľstvo STU,  |c 2016 
300 |a 20 s. 
650 4 |a parková architektúra a historické parky  |7 unknown*stus30123 
650 4 |a park 
650 4 |a krajina 
650 4 |a záhrada 
650 4 |a Francúzsko 
650 4 |a kláštorná záhrada 
650 4 |a prehistorický človek 
996 |b 284AU06828  |c A* 9952/U  |l AAKNST  |s P  |a 0  |w 0018243_0001